000 01031nam a2200313 4500
003 EC-UNACH
005 20251016123321.0
006 s||||gr|||| 00| 00
008 150116t9999 mx r gr 000 0 spa d
020 _a978-607-707-541-7
040 _aEC-UNACH
_cEC-UNACH
041 _aspa
082 0 4 _223
_a658.5 INS
_bL011559
110 _aAlfaomega
245 _aCiudad y mercancías : Logística urbana
250 _aSegunda edición
264 _aMéxico
_bAlfaomega
_c2013
300 _a160 páginas
_bFiguras, Tablas
505 _aÍndice. -- Introducción. -- Parte 1. La logística urbana, visión teórica. -- Parte 2. La logística urbana, visión práctica. -- Glosario. -- Bibliografía.
650 _aPOLÍTICAS DE MOVILIDAD
650 _aSOLUCIONES DE GESTIÓN
650 _aORGANISMOS PÚBLICOS
650 _aEMPRESAS
700 _aInstitut Cerdà
942 _c1
_2ddc
999 _c14019